000 00769nam a2200205Ii 4500
003 JO-AjNU
008 230605s9999||||xx |||||||||||||| ||und||
040 _aJO-AjNU
_bara
_erda
_cJO-AjNU
041 _aara
050 1 4 _aDS126.4.P2 1967
100 3 _aدار الابحاث والنشر، بيروت,
_eauthor
_957309
245 0 0 _aفلسطين : دور العقل والخلق في معركة التحرير
250 _aط1
264 3 1 _aبيروت: دار الابحاث والنشر ، 1967
300 _a157ص
336 _atext
_btxt
_2rdacontent
337 _aunmediated
_bn
_2rdamedia
338 _avolume
_bnc
_2rdacarrier
650 4 _aفلسطين- تاريخ- الاحتلال الاسرائيلي- النزاع العربي الاسرائيلي
_957310
999 _aA25672
_c29240
_d29240